000 00560nam a2200229Ia 4500
003 OSt
005 20220918201817.0
006 a|||||r|||| 00| 0
007 ta
008 220917b |||||||| |||| 00| 0 eng d
024 _a96,635
037 _cTextual
040 _aARTS
_cARTS
_beng
041 _2eng
_aeng
082 _aV2:1:N5, K14
100 _aYounger E
_9100809
245 0 _aInfluence and significance of India
260 _c1964
650 _aHISTORY
942 _hV2:1:N5, K14
_cTEXL
_2CC
999 _c220241
_d220241